|
|
|
|
| LEADER |
02486nam a2200325 a 4500 |
| 001 |
GR-Patra23640 |
| 008 |
080108s gr g 000 0 eng d |
| 020 |
|
|
|a 0132411520
|
| 040 |
|
|
|a GrPaTEI
|b gre
|c GR-PaULI
|
| 040 |
|
|
|a GrPaTEI
|b gre
|c GR-PaULI
|
| 082 |
|
0 |
|a 005.55
|2 22
|
| 245 |
0 |
0 |
|a SPSS 15.0 Brief guide.
|
| 260 |
|
|
|a Chicago :
|b SPSS Inc,
|c c2006
|
| 300 |
|
|
|a 217σ.
|
| 500 |
|
|
|a Είναι οδηγός του Cd-rom με τίτλο "SPSS Student version 15.0"
|
| 500 |
|
|
|a Παράρτημα Πύργου. Τμήμα πληροφορικής και μέσων μαζικής ενημέρωσης
|
| 610 |
2 |
4 |
|a Παράρτημα Πύργου. Τμήμα Πληροφορικής & Μέσων Μαζικής Ενημέρωσης
|
| 650 |
|
0 |
|a SPSS for Windows (Computer file)
|
| 710 |
0 |
|
|a SPSS Inc
|
| 942 |
|
|
|2 ddc
|
| 952 |
|
|
|0 0
|1 0
|2 ddc
|4 0
|6 005_550000000000000_SPS
|7 1
|9 303635
|a LISK
|b LISK
|c BSC
|d 2021-01-17
|e 24
|f 0
|g 0.00
|l 0
|o 005.55 SPS
|p 92410033014
|r 2021-01-17 00:00:00
|t 1
|w 2021-01-17
|y BKN
|x 20080108 0 0
|x GrPaTEI
|
| 952 |
|
|
|0 0
|1 0
|2 ddc
|4 0
|6 005_550000000000000_SPS
|7 0
|9 303636
|a PYRG
|b PYRG
|c BSC
|d 2021-01-17
|e 24
|f 0
|g 0.00
|l 0
|o 005.55 SPS
|p 92410033010
|r 2021-01-17 00:00:00
|t 1
|w 2021-01-17
|y BK15
|x 20080108 0 1
|x GrPaTEI
|
| 952 |
|
|
|0 0
|1 0
|2 ddc
|4 0
|6 005_550000000000000_SPS
|7 0
|9 303637
|a PYRG
|b PYRG
|c BSC
|d 2021-01-17
|e 24
|f 0
|g 0.00
|l 0
|o 005.55 SPS
|p 92410033011
|r 2021-01-17 00:00:00
|t 1
|w 2021-01-17
|y BK15
|x 20080108 0 1
|x GrPaTEI
|
| 952 |
|
|
|0 0
|1 0
|2 ddc
|4 0
|6 005_550000000000000_SPS
|7 0
|9 303638
|a PYRG
|b PYRG
|c BSC
|d 2021-01-17
|e 24
|f 0
|g 0.00
|l 0
|o 005.55 SPS
|p 92410033012
|r 2021-01-17 00:00:00
|t 1
|w 2021-01-17
|y BK15
|x 20080108 0 1
|x GrPaTEI
|
| 952 |
|
|
|0 0
|1 0
|2 ddc
|4 0
|6 005_550000000000000_SPS
|7 0
|9 303639
|a PYRG
|b PYRG
|c BSC
|d 2021-01-17
|e 24
|f 0
|g 0.00
|l 0
|o 005.55 SPS
|p 92410033013
|r 2021-01-17 00:00:00
|t 1
|w 2021-01-17
|y BK15
|x 20080108 0 1
|x GrPaTEI
|
| 952 |
|
|
|0 0
|1 0
|2 ddc
|4 0
|6 005_550000000000000_SPS
|7 0
|9 303640
|a PYRG
|b PYRG
|c BSC
|d 2021-01-17
|e 24
|f 0
|g 0.00
|l 0
|o 005.55 SPS
|p 92410033015
|r 2021-01-17 00:00:00
|t 1
|w 2021-01-17
|y BK15
|x 20080108 0 1
|x GrPaTEI
|
| 952 |
|
|
|0 0
|1 0
|2 ddc
|4 0
|6 005_550000000000000_SPS
|7 0
|9 303641
|a PYRG
|b PYRG
|c BSC
|d 2021-01-17
|e 24
|f 0
|g 0.00
|l 0
|o 005.55 SPS
|p 92410033016
|r 2021-01-17 00:00:00
|t 1
|w 2021-01-17
|y BK15
|x 20080108 0 1
|x GrPaTEI
|
| 952 |
|
|
|0 0
|1 0
|2 ddc
|4 0
|6 005_550000000000000_SPS
|7 0
|9 303642
|a PYRG
|b PYRG
|c BSC
|d 2021-01-17
|e 24
|f 0
|g 0.00
|l 0
|o 005.55 SPS
|p 92410040501
|r 2021-01-17 00:00:00
|t 1
|w 2021-01-17
|y BK15
|x 20080526 0 1
|x GrPaTEI
|
| 971 |
|
|
|a .b2671212x
|b 15-04-20
|c 26-09-16
|
| 999 |
|
|
|c 176225
|d 176225
|